000 00173 a2200097 4500
020 _a
041 _aspa
100 _aAnonimo
245 _aDios habla a sus hijos
942 _cBK
999 _c1815
_d1815